Click the Opposite Speedrun - Statistics

General Stats
  • This quiz has been taken 22 times
  • The average score is 46 of 50
Answer Stats
Hint Answer % Correct
Right Left
100%
Right Left
100%
Yes No
100%
South North
100%
Left Right
100%
Left Right
100%
Left Right
100%
Left Right
100%
North South
100%
East West
100%
No Yes
100%
No Yes
100%
Up Down
95%
West East
95%
West East
95%
Right Left
95%
Right Left
95%
Yes No
95%
Yes No
95%
South North
95%
South North
95%
South North
95%
North South
95%
Down Up
95%
Down Up
95%
Down Up
95%
No Yes
95%
No Yes
95%
No Yes
95%
Up Down
89%
West East
89%
West East
89%
Right Left
89%
Yes No
89%
South North
89%
North South
89%
North South
89%
Down Up
89%
East West
89%
East West
89%
East West
89%
East West
89%
Up Down
84%
Up Down
84%
Up Down
84%
Yes No
84%
Left Right
84%
West East
79%
North South
79%
Down Up
79%
No matching quizzes found
Score Distribution
Percent of People with Each Score
Percentile by Number Answered
Your Score History
You have not taken this quiz